Les films avec Jean Dujardin - Statistiques

Statistiques générales
  • Ce quiz a été pris 50 fois
  • Le résultat moyen est 7 sur 12
Statistiques - réponses
Par images Réponse % Correct
Brice de Nice
100%
The artist
94%
Lucky Luke
81%
J'accuse
64%
Le loup de Wall Street
64%
OSS 117 : Le Caire, nid d'espions
57%
La French
49%
Les petits mouchoirs
49%
Monuments men
45%
Novembre
45%
Un homme à la hauteur
45%
Les rayons et les ombres
13%
Aucun quiz correspondant
Distribution des résultats
% des personnes avec chaque résultat
Percentile par nombre de réponses
Votre historique - résultats
Vous n’avez pas pris ce quiz